000 00382nam a2200145Ia 4500
008 230917s9999||||xx |||||||||||||| ||und||
040 _e189024
_aMAIN
041 _aEnglish
082 _a820.9 H869O
100 _aHudson, William Henry
245 0 _aOutline history of English literature
260 _aNew Delhi
_bAtlantic Publishers
_c2008
300 _avi, 258 p.
942 _cBK
999 _c158586
_d158586